01253nam a2200325Ia 4500001001200000003000800012006001900020007001500039008004100054010001700095020003300112040002100145035002000166050002200186082001400208100003000222245012800252260004800380300002300428504006400451533015200515650000900667650002300676650001400699655002900713700002500742710001700767856012600784999001700910ebr10087200CaPaEBRm u cr cn|||||||||941109s1995 nyua sb 001 0 eng d z 94044883  z0195093585 (acid-free paper) aCaPaEBRcCaPaEBR a(OCoLC)6235124414aHQ23b.A25 1995eb04a306.72201 aAbramson, Paul R.,d1949-10aWith pleasureh[electronic resource] :bthoughts on the nature of human sexuality /cPaul R. Abramson, Steven D. Pinkerton. aNew York :bOxford University Press,c1995. axi, 308 p. :bill. aIncludes bibliographical references (p. 261-286) and index. aElectronic reproduction.bPalo Alto, Calif. :cebrary,d2009.nAvailable via World Wide Web.nAccess may be limited to ebrary affiliated libraries. 0aSex. 0aSexual excitement. 0aPleasure. 7aElectronic books.2local1 aPinkerton, Steven D.2 aebrary, Inc.40uhttp://site.ebrary.com/lib/rucke/Doc?id=10087200zAn electronic book accessible through the World Wide Web; click to view c51704d51704